Score 0/18 Timer 04:00
0 Plays Today
Film Missing Word % Correct
Star Wars Episode VI: ______ of the JediReturn
94.9%
_______ of the Lost ArkRaiders
92.6%
Indiana Jones and the ______ of DoomTemple
90.8%
The Land ______ TimeBefore
88.3%
Star Wars Episode I: The _______ MenacePhantom
87.7%
Star Wars Episode III: Revenge of the ____Sith
84.5%
Star Wars Episode II: Attack of the ______Clones
84.5%
Indiana Jones and the Last _______Crusade
84.2%
Indiana Jones and the Kingdom of the _______ SkullCrystal
80.6%
Film Missing Word % Correct
________ GraffitiAmerican
75%
Twice ____ a TimeUpon
58.2%
______ the DuckHoward
45.7%
Tucker: The ___ and His DreamMan
44.4%
___ TailsRed
18.7%
___ 1138THX
17.7%
____ HeatBody
14.5%
_________ MurdersRadioland
3.6%
_______: A Life in Four ChaptersMishima
3.1%

Today's Daily Dose

Remove Ads.
Support Sporcle.
Get the best of Sporcle when you Go Orange. This ad-free experience offers more features, more stats, and more fun while also helping to support Sporcle. Thank you for becoming a member.

You're not logged in!

Compare scores with friends on all Sporcle quizzes.
OR
Log In

Show Comments

Extras

Top Quizzes Today


Score Distribution

Your Account Isn't Verified!

In order to create a playlist on Sporcle, you need to verify the email address you used during registration. Go to your Sporcle Settings to finish the process.

Report this User

Report this user for behavior that violates our Community Guidelines.

Details: